Geografía económica de Colombia (Registro nro. 325548)

Detalles MARC
000 -ENCABEZADO
Número de control [NR] 01963nam a2200253Ia 4500
005 - FECHA Y HORA DE LA ÚLTIMA TRANSACCIÓN
control field 20250714110728.0
008 - DE LONGITUD FIJA DE DATOS DE ELEMENTOS - INFORMACIÓN GENERAL
Elementos de longitud fija [NR] 130821k19351937ck a fr 1 spa
040 0# - FUENTE DE CATALOGACION [NR]
Agencia de catalogación original [NR] Co-BoUCM
Idioma de catalogación [NR] spa
Quien Cataloga Sandra Yazo
Quien Clasifica Sandra Yazo
041 0# - CODIGO DE IDIOMA [R]
Código de idioma para texto/pista de sonido o título separado [R] Español
082 04 - NUMERO DE CLASIFICACION DECIMAL DEWEY [R]
Número de clasificación [R] 330.9861
Número de la edición [NR] 20
092 ## - SIGNATURA TOPOGRAFICA LOCAL
Número de clasificación local E54N061
110 1# - ASIENTO PRINCIPAL--NOMBRE CORPORATIVO [NR]
Nombre corporativo o de jurisdicción como elemento de entrada [NR] Colombia
Unidad subordinada [R] Contraloría General de la República
ID de autoridad 3390
245 ## - MENCION DE TITULO [NR]
Título [NR] Geografía económica de Colombia
Mención de responsabilidad, etc. [NR] Contraloría General de la República ;
Nombre de la parte/sección de la obra [R] I. Antioquia ;
-- IV Caldas.
260 ## - PUBLICACION, DISTRIBUCION, ETC. (PIE DE IMPRENTA) [R]
Lugar de publicación, distribución, etc. [R] Bogotá (Colombia)
Nombre del editor, distribuidor, etc. [R] Imprenta Nacional
Fecha de publicación, distribución, etc. [R] 1935-1937
300 ## - DESCRIPCION FISICA [R]
Extensión [R] 2 volumenes (607 ; 189 páginas)
Dimensiones [R] 21 x 16 cm.
500 ## - NOTA GENERAL [R]
Nota general [NR] Detalles físicos: Sin encuadernación original, actualmente, encuadernación (holandesa): cartón forrado en papel. Lomo en letras doradas y repujadas. Guardas. Hoja de cortesía. Portada impresa en una sola tinta. Texto impreso en una sola columna, con diferentes tipos y tamaños de letra. Ilustraciones dentro del texto. Tablas, gráficos y cuadros. Mapas plegados. Cortes decorados con jaspeados de color azul. Índice. Fe de erratas. Tapas con raspaduras. Obra incompleta. V.1: ejemplar en buen estado de conservación, V.4: mapa plegado, roto en página 390
505 0# - NOTA DE CONTENIDO CON FORMATO PREESTABLECIDO [R]
Nota de contenido con formato preestablecido [NR] V.1: Antioquia: Geografía, topografía y climatología ; Población ; Ocupaciones de la población ; Fuerza utilizada en la producción y en los servicios ; Producción ; Vías de comunicación -- V.4: Caldas: Introducción ; Geografía física ; Geología ; Población ; El desarrollo fiscal ; Vías y transportes ; Proceso de industrialización ; Evolución bancaria ; Economía ganadera ; Crédito agrario ; Economía del café.
650 #7 - ASIENTO SECUNDARIO DE MATERIA - TERMINO TEMATICO [R]
Término temático o nombre geográfico como elemento de entrada [NR] Geografía económica
Subdivisión geográfica [R] Colombia
9 (RLIN) 30957
651 ## - ASIENTO SECUNDARIO DE MATERIA - NOMBRE GEOGRAFICO [R]
Nombre geográfico [NR] Antioquia (Colombia)
Subdivisión general [R] Geografía económica
Subdivisión cronológica [R] Siglo XX
9 (RLIN) 186122
651 04 - ASIENTO SECUNDARIO DE MATERIA - NOMBRE GEOGRAFICO [R]
Nombre geográfico [NR] Caldas (Colombia)
Subdivisión general [R] Geografía económica
Subdivisión cronológica [R] Siglo XX
9 (RLIN) 186123
700 1# - ASIENTO SECUNDARIO - NOMBRE PERSONAL [R]
Nombre personal [NR] Gómez, Marco Tulio
9 (RLIN) 186124
700 1# - ASIENTO SECUNDARIO - NOMBRE PERSONAL [R]
Nombre personal [NR] García, Antonio
9 (RLIN) 84562
942 ## - ELEMENTOS DE ENTRADA AGREGADOS (KOHA)
Tipo de ítem principal el descrito en 300a Libro
Tema principal 7
Edición 1
Sistema de clasificación LOCAL
Clasificación E54N061
Existencias
Suprimido Perdido Sistema de clasificación Dañado No prestable Tipo de ítem específico Ubicación habitual Ubicación actual Localización Fecha de creación Forma de adquisición Costo Volúmen / Fascículo Total préstamos Signatura topográfica Código de barras Última vez visto Ejemplar Price effective from Tipo de ítem
    LOCAL     Libro archivo Archivo Histórico Archivo Histórico Archivo histórico 14/07/2025 Donación 0.00 V.4   E54N061 L007207 14/07/2025 Ej.1 14/07/2025 Libro
    LOCAL     Libro archivo Archivo Histórico Archivo Histórico Archivo histórico 14/07/2025 Donación 0.00 V.1   E54N061 L007208 14/07/2025 Ej.1 14/07/2025 Libro